Normal view MARC view

Entry Personal Name

Number of records used in: 1

001 - CONTROL NUMBER

  • control field: 46956

003 - CONTROL NUMBER IDENTIFIER

  • control field: AUA.1

005 - DATE AND TIME OF LATEST TRANSACTION

  • control field: 20140930151718.0

008 - FIXED-LENGTH DATA ELEMENTS

  • fixed length control field: 140930|||a|||||| | ||| d

040 ## - CATALOGING SOURCE

  • Original cataloging agency: AUA.1
  • Transcribing agency: AUA.1

100 ## - HEADING--PERSONAL NAME

  • Personal name: Rust, Eric Charles.

670 ## - SOURCE DATA FOUND

  • Source citation: Work cat.: (AUA.1)0: Rust, Eric Charles., Covenant and hope;, [1972]